Loading...
| Science - Biology | 0 | 3 | 0 | 1 | 30 | 79 | 102.00 | 2 | 3 |
| Science - Chemistry | 0 | 2 | 0 | 1 | 20 | 126 | 130.50 | 0 | 2 |
| Fine Arts - Painting and Sculpture | 1 | 0 | 0 | 0 | 15 | 56 | 56.00 | 1 | 1 |
| Literature - Long Fiction | 0 | 1 | 0 | 0 | 10 | 96 | 96.00 | 1 | 1 |
| Literature - Poetry | 0 | 1 | 0 | 0 | 10 | 160 | 160.00 | 0 | 1 |
| Philosophy | 0 | 1 | 0 | 0 | 10 | 143 | 143.00 | 1 | 1 |
| Religion | 0 | 1 | 0 | 1 | 10 | 151 | 151.00 | 0 | 1 |
| Fine Arts - Classical Music | 0 | 1 | 0 | 0 | 10 | 101 | 101.00 | 0 | 1 |
| Geography | 0 | 1 | 0 | 0 | 10 | 110 | 110.00 | 1 | 1 |
| History - Other History | 1 | 0 | 1 | 0 | 10 | 48 | 48.00 | 1 | 1 |
| Social Science | 0 | 0 | 0 | 0 | 0 | 0.00 | 0 | 0 |